Statistiques concernant Départements français n°3

Cliquez ici pour prendre le quiz!

Statistiques générales

  • Ce quiz a été pris 67 fois
  • Le résultat moyen est 13 sur 15

Statistiques - réponses

NumérosDépartements% Correct
34Hérault
95%
11Aude
93%
50Manche
91%
42Loire
90%
68Haut-Rhin
88%
05Hautes-Alpes
86%
56Morbihan
86%
76Seine-Maritime
86%
93Seine-Saint-Denis
86%
80Somme
86%
73Savoie
84%
47Lot-et-Garonne
83%
82Tarn-et-Garonne
83%
94Val-de-Marne
81%
23Creuse
79%

Distribution des résultats

Percentile par nombre de réponses

% des personnes avec chaque résultat

Votre développement - résultats

Vous n’avez pas pris ce quiz